000
00385nam a22001697a 4500
003
MPLRDC
005
20220104144414.0
008
210129b ||||| |||| 00| 0 eng d
082
_a
880.5 GOG c.2
100
_a
果戈理著, 鲁迅译
245
_a
死魂灵
_c
250
_a
初版
260
_a
_b
建文书局
_c
1959
300
_b
平
650
_a
942
_c
BK
_o
880.5 GOG c.2
999
_c
49294
_d
49284